LEADER 01515nam a2200313 u 4500 001 000000080350 003 CaOOAMICUS 005 20070226123634.0 008 040709r20021936enk u000 u eng u 020 $a0415295785 035 $a11003885 040 $aPUL$bita 100 1 $aPaton, Herbert James,$d1887-$0(OLS)http://pul/name/53527 245 10$aKant's metaphisic of experience :$ba commentary of the First Half of the Kritik der Reinen Vernunft /$cH. J. Paton. 260 $aLondon :$bRoutledge,$c2002. 300 $a2 v. ;$c23 cm 490 1 $aMuirhead library of philosophy.$aKant ;$v2,3 500 $aComprende indici. 500 $aRist. dell'ed. London, 1936. 504 $aContiene indicazioni bibliografiche. 600 14$aKant, Immanuel,$d1724-1804.$0(OLS)http://pul/subject/4849 830 0$aMuirhead library of philosophy (Routledge).$pKant ;$v2,3.$0(OLS)http://pul/title/105227 850 $aPUL 852 $aPUL$W1$xSL Filosofia 1$y2$m81 N 5.2-3$j102627$nBK-PRI$b $qStampati$B102627$CPULBib$Z2$F102627 $HPUL95684,95685 $81 852 $aPUL$W1$xSL Filosofia 1$y2$m81 N 5.2-3$j102627$nBK-PRI$b $qStampati$B102628$CPULBib$Z2$F102628 $HPUL95684,95685 $81 941 1 $a8 996 $6020$a0415295785$9(OLS)http://pul/number/106198 996 $6245$aKant's metaphisic of experience :$ba commentary of the First Half of the Kritik der Reinen Vernunft$9(OLS)http://pul/title/105226 996 $6260$aLondon :$bRoutledge$9(OLS)http://pul/publisher/67032 LEADER 01557nam a2200301 a 4500 001 000000146201 003 CaOOAMICUS 005 20151002125813.0 008 151002s2015 gw u001 u eng r 020 $a978-3-16-151994-9 040 $aPUL$bita 245 10$aRediscovering the apocryphal continent :$bnew perspectives on early christian and late antique apocryphal texts and traditions /$cedited by Pierluigi Piovanelli and Tony Burke ; with the collaboration of Timothy Pettipiece. 260 $aTübingen :$bMohr Siebeck,$cİ2015. 300 $aXI, 439 p. ;$c24 cm. 490 1 $aWissenschaftliche Untersuchungen zum Neuen Testament ;$v349 504 $aRiferimenti bibliografici e indici. 630 04$aApocrypha.$0(OLS)http://pul/subject/26436 700 1 $aPiovanelli, Pierluigi.$0(OLS)http://pul/name/93568 700 1 $aBurke, Tony,$d1968-$0(OLS)http://pul/name/79312 700 1 $aPettipiece, Timothy.$0(OLS)http://pul/name/93569 830 0$aWissenschaftliche Untersuchungen zum Neuen Testament ;$v349.$0(OLS)http://pul/title/8628 850 $aPUL 852 $aPUL$W1$xSL Religione 1$y3$m16 H 349$j169080$qStampati$B169864$CPULBib$Z2$F169864 $H126293 $82 941 1 $a8 996 $6020$a978-3-16-151994-9$9(OLS)http://pul/number/158781 996 $6245$aRediscovering the apocryphal continent :$bnew perspectives on early christian and late antique apocryphal texts and traditions$9(OLS)http://pul/title/184836 996 $6260$aTübingen :$bMohr Siebeck$9(OLS)http://pul/publisher/52004